00661nam a2200205Ia 4500003000400000008004100004040001600045082002200061100003200083245006100115700003000176260005700206300001000263490006000273650001900333650001500352650003000367650002600397650003200423GCL140319s9999 xx 000 0 ara d aGCL / cGCL04aطb813.02bى ط1 aيعقوب الشارونى10aطبق الجد سعيد / cيعقوب الشارونى1 aعادل البطراوى a[S.N] : bدار الكتاب المصرى ، c1993 a16 ص aالطرائف للقراءة والاستيعابv004aالاطفال04aالقصص04aالقصة القصيرة04aقصص الاطفال04aالقصص الفكاهية